|
|
|
|
| LEADER |
00000nam0a2200000 4500 |
| 001 |
280070 |
| 005 |
20231101235254.0 |
| 020 |
|
|
|a RU
|b 86-59253
|
| 035 |
|
|
|a (RuTPU)RU\TPU\book\303379
|
| 090 |
|
|
|a 280070
|
| 100 |
|
|
|a 20141225d1986 km y0rusy5003 ca
|
| 101 |
0 |
|
|a rus
|
| 102 |
|
|
|a RU
|
| 105 |
|
|
|a a z 001zy
|
| 200 |
1 |
|
|a Подготовка информации для автоматизированных обучающих систем
|f А. Я. Савельев, В. А. Новиков, Ю. И. Лобанов
|g Под ред. А. Я. Савельева
|
| 210 |
|
|
|a Москва
|c Высшая школа
|d 1986
|
| 215 |
|
|
|a 174 с.
|c ил.
|
| 320 |
|
|
|a Библиогр.: с. 173-174 (42 назв.)
|
| 606 |
1 |
|
|a Программированное обучение
|x В высшей школе
|2 stltpush
|3 (RuTPU)RU\TPU\subj\51797
|9 70360
|
| 610 |
1 |
|
|a автоматизированные обучающие системы
|
| 610 |
1 |
|
|a обучающие машины
|
| 610 |
1 |
|
|a подготовка
|
| 610 |
1 |
|
|a методы
|
| 610 |
1 |
|
|a средства
|
| 610 |
1 |
|
|a структура
|
| 610 |
1 |
|
|a функциональные возможности
|
| 610 |
1 |
|
|a формализация
|
| 610 |
1 |
|
|a учебно-методические материалы
|
| 610 |
1 |
|
|a программы
|
| 610 |
1 |
|
|a автоматизированные курсы
|
| 610 |
1 |
|
|a АОС
|
| 686 |
|
|
|a Ч481.23
|v LBC/SL-A
|2 rubbk
|
| 700 |
|
1 |
|a Савельев
|b А. Я.
|g Александр Яковлевич
|4 070
|
| 701 |
|
1 |
|a Новиков
|b В. А.
|g Владимир Андреевич
|
| 701 |
|
1 |
|a Лобанов
|b Ю. И.
|g Юрий Иванович
|
| 702 |
|
1 |
|a Савельев
|b А. Я.
|g Александр Яковлевич
|4 070
|
| 801 |
|
0 |
|a RU
|b RuMRKP
|c 19950704
|g psbo
|
| 801 |
|
1 |
|a RU
|b 63413507
|c 20141225
|
| 801 |
|
2 |
|a RU
|b 63413507
|c 20170426
|g RCR
|
| 942 |
|
|
|c BK
|